Előszó
Elmentve itt :
| Szerző: | |
|---|---|
| Testületi szerző: | |
| Dokumentumtípus: | Könyv része |
| Megjelent: |
2017
|
| Sorozat: | Monográfiák a Szegedi Tudományegyetem Régészeti Tanszékéről
Az Alföld a 9. században II. |
| Kulcsszavak: | Régészet - avarok - Kárpát-medence - 7-10. sz. - előszó, Kárpát-medence népei - 7-10. sz. - előszó |
| Tárgyszavak: | |
| Online Access: | http://acta.bibl.u-szeged.hu/62697 |
| LEADER | 00957naa a2200241 i 4500 | ||
|---|---|---|---|
| 001 | acta62697 | ||
| 005 | 20220110113957.0 | ||
| 008 | 191115s2017 hu o 0|| hun d | ||
| 020 | |a 978-963-306-555-6 | ||
| 022 | |a 2062-9877 | ||
| 040 | |a SZTE Egyetemi Kiadványok Repozitórium |b hun | ||
| 041 | |a hun | ||
| 100 | 1 | |a Révész László | |
| 245 | 1 | 0 | |a Előszó |h [elektronikus dokumentum] / |c Révész László |
| 260 | |c 2017 | ||
| 300 | |a 7 | ||
| 490 | 0 | |a Monográfiák a Szegedi Tudományegyetem Régészeti Tanszékéről | |
| 490 | 0 | |a Az Alföld a 9. században II. | |
| 650 | 4 | |a Bölcsészettudományok | |
| 650 | 4 | |a Történettudomány és régészet | |
| 695 | |a Régészet - avarok - Kárpát-medence - 7-10. sz. - előszó, Kárpát-medence népei - 7-10. sz. - előszó | ||
| 710 | |a Az Alföld a 9. században - Új eredmények (2.) (2017) (Szeged) | ||
| 856 | 4 | 0 | |u http://acta.bibl.u-szeged.hu/62697/1/regeszeti_monografiak_004_007.pdf |z Dokumentum-elérés |